[Event "MP 2012-2013"]
[Site "?"]
[Date "2013.02.19"]
[Round "9.3"]
[White "Halámka, Pavel"]
[Black "Škuta, Arnošt"]
[Result "1-0"]
[WhiteElo "1742"]
[BlackElo "1705"]
[PlyCount "57"]
[EventDate "2012.11.14"]
[SourceDate "2013.02.19"]
[WhiteTeam "Slovan"]
[BlackTeam "Mar.Hory "]

1. e4 e5 2. Nf3 d6 3. d4 exd4 4. Nxd4 Nf6 5. Nc3 a6 6. Bg5 Be7 7. Qd2 c5 8. Nf3
Be6 9. Be2 Qc7 10. Rd1 Nbd7 11. O-O b5 12. Rfe1 b4 13. Nd5 Bxd5 14. exd5 O-O
15. Bxa6 Bd8 16. Bd3 Rxa2 17. b3 Nb6 18. Bxf6 Bxf6 19. Ng5 Bxg5 20. Qxg5 c4 21.
Be4 Nd7 22. Rd4 Nf6 23. h4 cxb3 24. cxb3 Qc3 25. Red1 Nxe4 26. Rxe4 Qxb3 27.
Rde1 Qc3 28. Qe7 Ra1 29. Qxf8+ 1-0

[Event "MP 2012-2013"]
[Site "?"]
[Date "2013.02.19"]
[Round "9.4"]
[White "Kamaryt, Zdenìk"]
[Black "Šálek, Josef"]
[Result "1/2-1/2"]
[WhiteElo "1718"]
[BlackElo "1783"]
[PlyCount "73"]
[EventDate "2012.11.14"]
[SourceDate "2013.02.19"]
[WhiteTeam "Slovan"]
[BlackTeam "Mar. Hory "]

1. d4 d5 2. c4 e6 3. Nc3 c6 4. e3 Nf6 5. Nf3 Nbd7 6. Bd3 Bb4 7. Bd2 Bxc3 8.
bxc3 Ne4 9. O-O f5 10. cxd5 cxd5 11. c4 O-O 12. cxd5 exd5 13. Qb3 Ndf6 14. Rac1
Kh8 15. a4 Nxd2 16. Nxd2 Qe7 17. Rc2 Be6 18. Rfc1 Rad8 19. a5 Rc8 20. Rc5 Rxc5
21. Rxc5 g6 22. Qc2 Ne8 23. g3 a6 24. Nf3 Nd6 25. h4 Kg7 26. Ne5 Rc8 27. Kg2
Qd8 28. Nf3 Nc4 29. Ng5 Bg8 30. Qc3 Rxc5 31. dxc5+ Qf6 32. Qxf6+ Kxf6 33. Bxc4
dxc4 34. Kf3 h6 35. Nh3 g5 36. hxg5+ hxg5 37. Ke2 1/2-1/2

[Event "MP 2012-2013"]
[Site "?"]
[Date "2013.02.19"]
[Round "9.5"]
[White "Mladìjovský, Miroslav"]
[Black "Šumbera, Antonín"]
[Result "1-0"]
[WhiteElo "1718"]
[BlackElo "1585"]
[PlyCount "55"]
[EventDate "2012.11.14"]
[SourceDate "2013.02.19"]
[WhiteTeam "Slovan"]
[BlackTeam "Mar. Hory "]

1. d4 d5 2. c4 e6 3. Nc3 Nf6 4. Bg5 Be7 5. e3 h6 6. Bxf6 Bxf6 7. Nf3 c5 8. cxd5
cxd4 9. Nxd4 exd5 10. Bb5+ Bd7 11. Qa4 a6 12. Nxd5 Bxd4 13. Bxd7+ Qxd7 14. Qxd4
O-O 15. O-O Qd8 16. Rfd1 Nc6 17. Qc5 Qa5 18. Qxa5 Nxa5 19. Ne7+ Kh7 20. Rac1
Rfd8 21. b3 g6 22. Kf1 Kg7 23. Ke2 Kf8 24. Rxd8+ Rxd8 25. Rc7 Re8 26. Nd5 Re6
27. b4 Rc6 28. bxa5 1-0

[Event "MP 2012-2013"]
[Site "?"]
[Date "2013.02.19"]
[Round "9.6"]
[White "Grygar, Petr"]
[Black "Beneš, Jaroslav"]
[Result "0-1"]
[WhiteElo "1642"]
[BlackElo "1659"]
[PlyCount "52"]
[EventDate "2012.11.14"]
[SourceDate "2013.02.19"]
[WhiteTeam "Slovan"]
[BlackTeam "Mar. Hory "]

1. d4 Nf6 2. c4 g6 3. e3 d5 4. Nf3 Bg7 5. Nc3 O-O 6. b3 c5 7. Bb2 cxd4 8. exd4
Nc6 9. Be2 Bg4 10. Ne5 Bxe2 11. Qxe2 Nxd4 12. Qd3 dxc4 13. Nxc4 Re8 14. O-O-O
Nc6 15. Qf3 Qc8 16. Kb1 Rb8 17. Nd5 Nxd5 18. Rxd5 Qc7 19. Rc5 Rbd8 20. Na5 Bxb2
21. Kxb2 Rd2+ 22. Kb1 Qb6 23. Qc3 Rxf2 24. Nxc6 bxc6 25. Rxc6 Qb5 26. Rc8 Qf5+
0-1

[Event "MP 2012-2013"]
[Site "?"]
[Date "2013.02.19"]
[Round "9.7"]
[White "Alexandr, Petr"]
[Black "Ramian, Zdenìk"]
[Result "0-1"]
[WhiteElo "1649"]
[BlackElo "1637"]
[PlyCount "86"]
[EventDate "2012.11.14"]
[SourceDate "2013.02.19"]
[WhiteTeam "Slovan"]
[BlackTeam "Mar. Hory "]

1. b4 d5 2. Bb2 e6 3. b5 b6 4. e3 Nf6 5. Nf3 Be7 6. Be2 O-O 7. O-O a6 8. a4
axb5 9. axb5 Rxa1 10. Bxa1 Bb7 11. Ne5 c6 12. d4 cxb5 13. Bxb5 Nfd7 14. f4 Nxe5
15. fxe5 f6 16. Qg4 f5 17. Qf3 Ba6 18. Qe2 Bxb5 19. Qxb5 Qc7 20. Nc3 Nd7 21.
Na4 Ra8 22. Bc3 Rc8 23. Rb1 Qc6 24. Qxc6 Rxc6 25. Kf2 Kf7 26. Ke2 Rc4 27. Nxb6
Nxb6 28. Rxb6 Rxc3 29. Kd2 Ra3 30. Rb1 h5 31. g3 Ra8 32. Kd3 g5 33. Rb2 g4 34.
c3 h4 35. Rc2 h3 36. Rb2 Ra1 37. Re2 Rg1 38. c4 dxc4+ 39. Kxc4 Rg2 40. Kd3 Rxe2
41. Kxe2 Bg5 42. Kd3 Ke7 43. e4 f4 0-1

[Event "MP 2012-2013"]
[Site "?"]
[Date "2013.02.19"]
[Round "9.8"]
[White "Linart, Ludvík"]
[Black "Szabó, Pavel"]
[Result "1/2-1/2"]
[WhiteElo "1606"]
[BlackElo "1720"]
[PlyCount "71"]
[EventDate "2012.11.14"]
[SourceDate "2013.02.19"]
[WhiteTeam "Slovan"]
[BlackTeam "Mar. Hory "]

1. d4 d5 2. c4 c6 3. Nc3 Nf6 4. Bg5 e6 5. Bxf6 Qxf6 6. Nf3 Nd7 7. e3 Bb4 8. Be2
dxc4 9. Bxc4 h6 10. O-O Bxc3 11. bxc3 O-O 12. Qc2 e5 13. Rfd1 exd4 14. Rxd4 Ne5
15. Nxe5 Qxe5 16. Rad1 Bf5 17. e4 Bg6 18. Bd3 Rad8 19. Qb2 b6 20. f3 c5 21.
Rxd8 Rxd8 22. Be2 Rxd1+ 23. Bxd1 Qd6 24. Bb3 Kf8 25. Bd5 f5 26. Qe2 Qe5 27. c4
fxe4 28. fxe4 Qd4+ 29. Qf2+ Qxf2+ 30. Kxf2 Ke7 31. Kf3 Be8 32. h4 b5 33. cxb5
Bxb5 34. Ke3 Kd6 35. Kd2 Ke5 36. Kc3 1/2-1/2

[Event "MP 2012-2013"]
[Site "?"]
[Date "2013.03.05"]
[Round "10.1"]
[White "Lamper, Vlastimil"]
[Black "Jamka, Bøetislav"]
[Result "1-0"]
[WhiteElo "1962"]
[BlackElo "2004"]
[PlyCount "53"]
[EventDate "2012.11.14"]
[SourceDate "2013.03.05"]
[WhiteTeam "Vítkovice"]
[BlackTeam "Slovan"]

1. c4 Nf6 2. g3 c6 3. Bg2 d5 4. e3 e5 5. Ne2 dxc4 6. O-O Bd6 7. Na3 Be6 8. Qc2
Bxa3 9. bxa3 O-O 10. Bb2 Nbd7 11. f4 Qc7 12. f5 Bd5 13. e4 c3 14. Nxc3 Bc4 15.
d3 Qb6+ 16. Kh1 Ba6 17. Na4 Qc7 18. Rf3 Rfe8 19. Rg1 Rad8 20. Bf1 Qd6 21. g4 b5
22. g5 bxa4 23. gxf6 Qxf6 24. Bc1 h6 25. Rfg3 Kh8 26. Qg2 Qh4 27. Rh3 1-0

[Event "MP 2012-2013"]
[Site "?"]
[Date "2013.03.05"]
[Round "10.2"]
[White "Chliapas, Nikos"]
[Black "Šoki, Zdenìk"]
[Result "1-0"]
[WhiteElo "1940"]
[BlackElo "1849"]
[PlyCount "59"]
[EventDate "2012.11.14"]
[SourceDate "2013.03.05"]
[WhiteTeam "Vítkovice"]
[BlackTeam "Slovan"]

1. e4 e5 2. Nf3 Nf6 3. d4 exd4 4. Nxd4 a6 5. Bc4 d6 6. O-O Nc6 7. Nxc6 bxc6 8.
Re1 Bb7 9. e5 dxe5 10. Rxe5+ Be7 11. Qe2 Kf8 12. Be3 Bd6 13. Bc5 Bxc5 14. Rxc5
Qd4 15. Re5 Qxb2 16. Re7 Nd5 17. Qe5 Qc1+ 18. Qe1 Qg5 19. Re5 Qf4 20. Na3 Rd8
21. g3 Qf6 22. Rd1 Ba8 23. Bb3 g6 24. c4 Nb6 25. Rxd8+ Qxd8 26. Nc2 Kg7 27. Re7
Kf8 28. Qe5 Qd1+ 29. Ne1 Qd8 30. Qf6 1-0

[Event "MP 2012-2013"]
[Site "?"]
[Date "2013.03.05"]
[Round "10.3"]
[White "Šafaøík, Roman"]
[Black "Šálek, Josef"]
[Result "1/2-1/2"]
[WhiteElo "1736"]
[BlackElo "1783"]
[PlyCount "98"]
[EventDate "2012.11.14"]
[SourceDate "2013.03.05"]
[WhiteTeam "Vítkovice"]
[BlackTeam "Slovan"]

1. d4 d5 2. c4 c6 3. Nf3 e6 4. Nc3 Nf6 5. e3 Nbd7 6. Be2 g6 7. O-O Bg7 8. b4
O-O 9. a3 Ne4 10. Qc2 f5 11. Nd2 Ndf6 12. f3 Nxc3 13. Qxc3 Re8 14. Bb2 Qd6 15.
Bd3 Bd7 16. Rae1 Rac8 17. c5 Qb8 18. e4 Bh6 19. e5 Nh5 20. Bc1 f4 21. Qc2 Kg7
22. Nb1 Qc7 23. g4 fxg3 24. Bxh6+ Kxh6 25. hxg3 Nxg3 26. Qh2+ Nh5 27. Kf2 Qd8
28. Rg1 Rf8 29. Rg4 a5 30. Reg1 Be8 31. R1g3 axb4 32. axb4 Ra8 33. Nd2 Ra2 34.
Ke3 b6 35. Qh1 bxc5 36. Rg2 cxd4+ 37. Ke2 Qb8 38. Qb1 Qxe5+ 39. Kd1 Rxd2+ 40.
Rxd2 Rxf3 41. Be2 Rg3 42. Rxg3 Qxg3 43. Qb2 e5 44. Bxh5 gxh5 45. Qc2 Bg6 46.
Qxc6 Qb3+ 47. Ke1 Qxb4 48. Qf6 Qb1+ 49. Kf2 Qe4 1/2-1/2

[Event "MP 2012-2013"]
[Site "?"]
[Date "2013.03.05"]
[Round "10.4"]
[White "Bártek, Jaromír"]
[Black "Bagár, Miroslav"]
[Result "1/2-1/2"]
[WhiteElo "1711"]
[BlackElo "1540"]
[PlyCount "80"]
[EventDate "2012.11.14"]
[SourceDate "2013.03.05"]
[WhiteTeam "Vítkovice"]
[BlackTeam "Slovan"]

1. e4 e5 2. Nf3 Nc6 3. d4 exd4 4. c3 dxc3 5. Nxc3 d6 6. Bc4 Bg4 7. Bxf7+ Kxf7
8. Ng5+ Qxg5 9. Bxg5 Bxd1 10. Rxd1 Be7 11. Be3 Nf6 12. O-O Rhf8 13. f4 Kg8 14.
h3 a6 15. g4 h6 16. Bf2 b5 17. Rfe1 b4 18. Nd5 Nxd5 19. exd5 Rxf4 20. dxc6 Bf6
21. b3 Rf8 22. Re2 Rf7 23. Kg2 Be5 24. Rd5 Rf8 25. Bg3 R4f6 26. Bxe5 dxe5 27.
Rdxe5 Rxc6 28. Re6 Rf6 29. Rxf6 gxf6 30. Kf3 Rc3+ 31. Kf4 Kf7 32. Rd2 Ke6 33.
Re2+ Kf7 34. Rd2 Kg6 35. h4 Kf7 36. Kf5 Rf3+ 37. Ke4 Rc3 38. Kf5 Rf3+ 39. Ke4
Rc3 40. Kf5 Rf3+ 1/2-1/2

[Event "MP 2012-2013"]
[Site "?"]
[Date "2013.03.05"]
[Round "10.5"]
[White "Bosák, Michal"]
[Black "Beneš, Jaroslav"]
[Result "1/2-1/2"]
[WhiteElo "1574"]
[BlackElo "1653"]
[PlyCount "54"]
[EventDate "2012.11.14"]
[SourceDate "2013.03.06"]
[WhiteTeam "Vítkovice"]
[BlackTeam "Slovan"]

1. e4 c5 2. Nc3 Nc6 3. Nf3 e6 4. d4 cxd4 5. Nxd4 Nf6 6. Nxc6 bxc6 7. Bg5 Be7 8.
e5 Nd5 9. Bxe7 Nxe7 10. Bd3 Qa5 11. f4 Nd5 12. Qd2 Nxc3 13. Qxc3 Qxc3+ 14. bxc3
Rb8 15. O-O O-O 16. Rab1 Rb6 17. Rb3 Rxb3 18. cxb3 Bb7 19. Rd1 f6 20. Bc4 Bc8
21. Rf1 fxe5 22. fxe5 Rxf1+ 23. Kxf1 Kf7 24. Bd3 h6 25. Ke2 Ke7 26. Ke3 d6 27.
exd6+ Kxd6 1/2-1/2

[Event "MP 2012-2013"]
[Site "?"]
[Date "2013.03.05"]
[Round "10.6"]
[White "Alexandr, Petr"]
[Black "Ludvová, Marie"]
[Result "1-0"]
[WhiteElo "1649"]
[BlackElo "1580"]
[PlyCount "101"]
[EventDate "2012.11.14"]
[SourceDate "2013.03.06"]
[WhiteTeam "Vítkovice"]
[BlackTeam "Slovan"]

1. b4 d5 2. Bb2 Bf5 3. e3 e6 4. Nf3 Nf6 5. b5 c6 6. c4 Be7 7. Nc3 O-O 8. Nh4
Bg4 9. Be2 Bxe2 10. Qxe2 Ne4 11. Nxe4 dxe4 12. Qg4 Bf6 13. Bxf6 Qxf6 14. O-O
Rd8 15. Qxe4 Rxd2 16. Rad1 Rb2 17. Qd4 Qxd4 18. Rxd4 g6 19. Rd8+ Kg7 20. a4 Rc2
21. bxc6 bxc6 22. g3 Rxc4 23. Rb1 Rxa4 24. Rdxb8 Rxb8 25. Rxb8 c5 26. Nf3 Rb4
27. Rc8 Rb1+ 28. Kg2 Rc1 29. Ne5 Rc3 30. Rc7 Kf6 31. Nd7+ Kf5 32. Rxc5+ Rxc5
33. Nxc5 Ke5 34. f4+ Kd5 35. Na6 Kc6 36. e4 Kb6 37. Nb4 a5 38. Na2 f6 39. Kf3
Kc5 40. Ke3 Kc4 41. Nc1 a4 42. g4 Kc3 43. Ne2+ Kc4 44. Kd2 e5 45. f5 gxf5 46.
gxf5 Kb3 47. Kc1 Kc4 48. Kb2 Kd3 49. Ng3 Kc4 50. Ka3 Kb5 51. Nh5 1-0

[Event "MP 2012-2013"]
[Site "?"]
[Date "2013.03.05"]
[Round "10.7"]
[White "Hruška, Antonín"]
[Black "Szabó, Pavel"]
[Result "1/2-1/2"]
[WhiteElo "1257"]
[BlackElo "1720"]
[PlyCount "71"]
[EventDate "2012.11.14"]
[SourceDate "2013.03.06"]
[WhiteTeam "Vítkovice"]
[BlackTeam "Slovan"]

1. d4 d5 2. Nf3 Nf6 3. Bf4 c6 4. e3 Bg4 5. Be2 e6 6. c3 Be7 7. Qb3 Qb6 8. Qxb6
axb6 9. O-O Nbd7 10. Nbd2 O-O 11. a4 Rfc8 12. b4 h6 13. Bd3 c5 14. Rfc1 c4 15.
Be2 Bf5 16. Ra2 Bd8 17. b5 Ne8 18. Ne5 Nxe5 19. Bxe5 f6 20. Bg3 Bg6 21. Bf3 h5
22. Bf4 Bf7 23. e4 g5 24. Be3 Nd6 25. h3 f5 26. e5 Ne4 27. Bxe4 dxe4 28. Nf1
Ra7 29. Rca1 Be7 30. Rb2 Rca8 31. Rba2 Be8 32. Rb2 Rxa4 33. Rxa4 Rxa4 34. Nd2
f4 35. Bxf4 gxf4 36. Nxe4 1/2-1/2